Kohlenhydrate in der dringlichen Infusionstherapie : Bericht über d. Hanns-Baur-Gedächtnis-Symposion am 13. und 14. Oktober 1967 in Mainz /

Uložené v:
Podrobná bibliografia
Hlavní autori: Lang, K. (Author), Frey, R. (Author), Halmágyi, M. (Author)
Médium: Kniha
Jazyk:German
Vydané: Berlin : Springer-Verlag, 1968.
Vydanie:1. Aufl.
Edícia:Anaesthesiology and resuscitation 31
ISBN: (brož.)
Fyzický popis: 58 s.
Tagy: Pridať tag
Žiadne tagy, Buďte prvý kto otaguje tento záznam!

MARC

LEADER 00000nam a22000002a 4500
001 000491237
005 20150913213222.0
008 130724 1968 gw e ger d
020 |a (brož.)  |c Kčs 145,00 
040 |a SVKKK  |b slo  |c SVKKK  |e AACR2 
041 0 |a ger 
044 |a gw  |c DE 
245 0 0 |a Kohlenhydrate in der dringlichen Infusionstherapie :  |b Bericht über d. Hanns-Baur-Gedächtnis-Symposion am 13. und 14. Oktober 1967 in Mainz /  |c herausgegeben von K. Lang, R. Frey, M. Halmágyi. 
250 |a 1. Aufl. 
260 |a Berlin :  |b Springer-Verlag,  |c 1968. 
300 |a 58 s. 
490 1 |a Anaesthesiology and resuscitation  |v 31 
700 1 |a Lang, K.  |4 aut 
700 1 |a Frey, R.  |4 aut 
700 1 |a Halmágyi, M.  |4 aut 
830 0 |a Anaesthesiology and resuscitation  |v 31 
910 |a svkkk 
998 |a BK 
090 |g SCKHL  |k Sklad  |a IV.68340  |j 442641  |i 491237-10  |s Absenčne